International Economic Review

Saved in:
Bibliographic Details
Format: Serial
Language:English
Published: Philadelphia University of Pennsylvania 1969
Subjects:
Tags: Add Tag
No Tags, Be the first to tag this record!

MARC

LEADER 00000nas2a2200000 4500
001 s018657
005 20240109075610.5
041 0 |a eng 
044 |a US 
245 1 0 |a International Economic Review 
264 1 |a Philadelphia  |b University of Pennsylvania  |c 1969 
300 |a 1 zv. 
773 0 |w eu_un_cat*s120083 
610 2 0 |a ekonómia 
610 2 0 |a modely ekonomicko-matematické 
610 2 0 |a výskum ekonomický